| 000 | 00654cam a22002051 4500 | ||
|---|---|---|---|
| 001 | sa 68005991 | ||
| 003 | DLC | ||
| 005 | 20260227112512.0 | ||
| 008 | 711028s1961 ii b 00010 eng | ||
| 010 | _asa 68005991 //r89 | ||
| 050 | 0 |
_aLB775 _b.A9 |
|
| 100 | 1 | 0 |
_aSaiyidain, Khwaja Ghulam, _d1904- |
| 245 | 1 | 0 |
_aMaulana Azad's contribution to education, _cby K. G. Saiyidain. |
| 250 | _a[1st ed. | ||
| 260 | 0 |
_aBaroda] _bMaharaja Sayajirao University of Baroda _c[1961] |
|
| 300 |
_a49 p. _c25 cm. |
||
| 440 | 4 |
_aThe Maharaja Sayajirao memorial lectures, _v1960-61 |
|
| 504 | _aBibliographical footnotes. | ||
| 600 | 1 | 0 |
_aĀzād, Abūlkalām, _d1888-1958. |
| 999 |
_c81044 _d81044 |
||